000 00830nam a2200265Ia 4500
003 OSt
005 20221005084815.0
006 a|||||r|||| 00| 0
007 ta
008 221004b |||||||| |||| 00| 0 eng d
020 _a9780521734196 (hbk)
_c2211.98
024 _a23597
037 _b45, 01/12/2015, Mallika Books
_cTextual
040 _aCRL
_cCRL
_beng
041 _2eng
_aeng
082 _aZ(Q4), Q4
100 _aFrench Rebecca Redwood Ed.
_9613609
245 0 _aBuddhism and law
_b An introduction
260 _aNew York
_bCambride University Press U.S.A
_c2014
300 _axxii, 385p.
_ccm.
650 _aLAW
700 _a Nathan Mark A. Ed.
_9613610
942 _hZ(Q4), Q4
_cTEXL
_2cc
999 _c993129
_d993129